O olhar do dragão (Registo nº 347)

Detalhes MARC
000 -Etiqueta do registo
Cabeçalho 00762nam0a2200265 4500
005 - Identificador da versão
Campo de controlo 20240813121800.0
010 ## - Número internacional normalizado dos livros (ISBN)
Número (ISBN) 9724104060
021 ## - Número do Depósito Legal
Código do país PT
Número 184297/02
100 ## - Dados gerais de processamento
Dados gerais de processamento 20150902d2002 a e0pory5003 ba
102 ## - Pais de publicação ou produção
País de publicação Portugal
101 0# - Língua de publicação
Língua do texto, banda sonora, etc. Português
215 ## - Descrição física 
Indicação específica da natureza do documento e extensão da espécie 254 p.
Outras indicações físicas il
200 1# - Titulo e menção de responsabilidade
Título próprio O olhar do dragão
Primeira menção de responsabilidade Álvaro Magalhães
Outras menções de responsabilidade il. de José Pedro Costa
225 2# - Colecção 
Título próprio da colecção Triângulo jota
Indicação de volume 1
205 ## - Menção da edição
Menção da edição 15ª ed
210 ## - Publicação, Distribuição, etc. 
Lugar da edição, distribuição, etc. Porto
Nome do editor, distribuidor, etc. Asa
Data da publicação, distribuição, etc. 2002
606 ## - Nome comum usado como assunto
Número de registo de entrada de autoridade 0002112
Palavra de ordem Literatura portuguesa
Subdivisão de assunto Romances de aventuras
Código do sistema CA
675 ## - Classificação Decimal Universal (CDU)
Notação 821.134.3-311.3.
Edição 3ª ed.
Língua da edição por
702 #1 - Nome de autor-pessoa física (responsabilidade secundária)
Número de registo de entrada de autoridade 0002475
Palavra de ordem Costa
Outra parte do nome não tomada para palavra de ordem José Pedro
Código de função Ilustrador / Técnico de desenho computorizado
700 #1 - Nome de autor-pessoa física (responsabilidade principal)
Número de registo de entrada de autoridade 0002041
Palavra de ordem Magalhães
Outra parte do nome não tomada para palavra de ordem Álvaro
Datas 1951-
966 ## - Identificação da Biblioteca
Sigla EB2,3ENM
942 ## - Elementos de entrada adicionados (Koha)
Tipo de item no Koha Livro
Exemplares
Situação do levantamento Origin of item (home branch) (coded) Biblioteca de empréstimo Código de barras Cota Circulation type (not for loan) Tipo de documento Nota do exemplar Damaged status
  Biblioteca Escolar Eng. Nuno Mergulhão Biblioteca Escolar Eng. Nuno Mergulhão BENM936 82LP-3 MAG   Livro Sem mensagem